000 00561 a2200181 4500
008 121106b xxu||||| |||| 00| 0 eng d
020 _a9966225471
050 _aPR9381.9.O75 2006
100 _a Orchardson-Mazrui, Elizabeth
245 _aNzinga,the warrior Queen /
_cElizabeth Orchardson-Mazrui
260 _bThe Jomo Foundation
_aNairobi,Kenya
_c2006
300 _ax,205p.
500 _aI
650 _a Nzinga, -- Queen of Matamba, -- 1582-1663 -- Drama.
650 _a Angola -- History -- 1482-1648 -- Drama.
650 _aDrama
942 _cBK
_2lcc
999 _c41421
_d41421